1443 1128 1566 1902 1911 1017 1434 1536 1388 1587 1157 1892 1585 1528 1124 1981 1750 1774 1935 1967 1700 1449 1860 1119 1060 1107 1798 1153 1070 1189 1360 1764 1278 1426 1213 1058 1377 1046 1492 1485 1871 1771 1590 1050 1606 1857 1409 1075 1157 1902 1895 1283 1468 1509 1495 1513 1586 1034 1208 1837 1325 1780 1313 1422 1356 1841 1283 1524 1454 1712 1026 1315 1509 1788 1434 1532 1317 1493 1166 1100 1237 1774 1065 1271 1330 1469 1207 1969 1132 1434 1381 1325 1277 1329 1732 1967 1371 1490 1038 BCNSPRNW ULIB Ver.6.0+V

เปลี่ยนเป็นภาษาไทย

Change to English
 แสดงรายละเอียดบรรณานุกรม
  กลับหน้าหลัก

Brief Record : Get Marc (ISO 2709) : E-mail record : QR code < ปิดหน้าต่าง
LEADER : 00000nam 2200000uu 4500
001    13399124404
003     ULIB
008    150619s2550||||th 000 0 tha d
099    นว.^bค285น
100 0  ^aคุโรยานางิ เท็ตสึโกะ
245 10 ^aนางสาวโต๊ะโตะ /^cคุโรยานางิ เท็ตสึโกะ
260    ^aกรุงเทพฯ :^bผีเสื้อ,^c2550
300    ^a440 หน้า :^bตาราง
650  7 ^aนางสาวโต๊ะโตะ
945    ^p0^l0^i022008
999    ^aเกษร โพธิ์สุวรรณ
รายการนี้ยังไม่มีแท็ก
คุณยังไม่ได้ล็อกอิน คุณสามารถมีกิจกรรมร่วมกับเว็บไซต์ได้ แต่ต้องล็อกอินก่อน ::
  ล็อกอิน

รายการสื่อสารสนเทศ

ลำดับที่ ประเภท เลขเรียก/บาร์โค้ด สถานที่ สถานะ
1. นวนิยาย
นวนิยาย
นว. ค285น ฉ.1 
  Barcode: 022008
ห้องสมุดวิทยาเขตนครสวรรค์
►นวนิยาย:l:Fiction
บนชั้น

BibComment


ยังไม่เคยถูกคอมเมนท์

คอมเมนท์ทรัพยากรรายการนี้
  คอมเมนท์: นางสาวโต๊ะโตะ ค..


 Copyright 2026. Bcnsprnw @Library